00358 a2200109 4500001001000000005001700010008004100027245005400068100002500122773008400147999001700231ART_6169820260410162057.0260409a 10aLa expulsión de una mujer condenada extranjera.1 aVanella, Carolina A.0 tTemas de derecho penal y procesal penalg- Año 5, N° 3 (mar. 2023)wREV60798 c36354d36354